[Event "VIII Open Vallee d'Aoste A"]
[Site "Saint Vincent - Chatillon ITA"]
[Date "2000.02.16"]
[Round "5"]
[White "Yakovich, Yuri"]
[Black "Ioseliani, Nana M."]
[Result "1-0"]
[WhiteElo "2585"]
[BlackElo "2484"]
[PlyCount "105"]
[EventDate "2000.02.12"]

1. d4 d5 2. c4 e6 3. Nc3 Be7 4. cxd5 exd5 5. Bf4 c6 6. e3 Nf6 7. Bd3 O-O 8. Qc2
Nbd7 9. Nf3 Re8 10. h3 Nf8 11. Bh2 Ng6 12. Ne5 Nd7 13. Nf3 Nf6 14. O-O-O Bd6
15. Bxd6 Qxd6 16. g4 Be6 17. Kb1 b5 18. Nd2 Rab8 19. g5 b4 20. gxf6 bxc3 21.
Qxc3 gxf6 22. Nb3 Nf8 23. Rc1 Rb6 24. Nc5 Kh8 25. Qd2 Nd7 26. Qe2 f5 27. Qh5
Qe7 28. Bxf5 Bxf5+ 29. Qxf5 Nxc5 30. Rxc5 Qe4+ 31. Qxe4 Rxe4 32. Rg1 Re6 33.
Kc2 Rb7 34. Rg5 f6 35. Rf5 Kg7 36. b3 Rb6 37. Ra5 a6 38. Kd3 Re4 39. Rc5 Kf7
40. Rf3 Rh4 41. b4 Re4 42. a3 Ke7 43. Kc3 Re6 44. Ra5 Kf7 45. Kb3 Ke7 46. Ka4
Kf7 47. Rc5 Rb5 48. Rc1 Rd6 49. Rg3 f5 50. Rcg1 Rh6 51. Rg7+ Ke6 52. Rc7 Kd6
53. Rgg7 1-0

[Event "VIII Open Vallee d'Aoste A"]
[Site "Saint Vincent - Chatillon ITA"]
[Date "2000.02.16"]
[Round "5"]
[White "Zelcic, Robert"]
[Black "Belotti, Bruno"]
[Result "1/2-1/2"]
[WhiteElo "2529"]
[BlackElo "2424"]
[PlyCount "162"]
[EventDate "2000.02.12"]

1. e4 c5 2. Nf3 d6 3. d4 cxd4 4. Nxd4 Nf6 5. Nc3 Nc6 6. Be2 g6 7. O-O Bg7 8.
Nb3 O-O 9. Bg5 Be6 10. Kh1 Na5 11. Nd5 Re8 12. f3 Rc8 13. Bb5 Nc6 14. Be3 Nd7
15. c3 a6 16. Be2 Nce5 17. a4 Bxd5 18. exd5 Nb6 19. a5 Nbc4 20. Bc1 b5 21. axb6
Qxb6 22. Ra4 Ne3 23. Bxe3 Qxe3 24. Nd4 Nd7 25. Bxa6 Rb8 26. Re1 Qg5 27. Bb5
Bxd4 28. Bxd7 Rxb2 29. g3 Rd2 30. Bxe8 Rxd1 31. Rxd1 Bxc3 32. Re4 Bf6 33. Bd7
h5 34. f4 Qh6 35. h4 Kh7 36. Rc1 Qg7 37. Rc2 Qf8 38. Rc8 Qg7 39. Kg2 Ba1 40.
Rxe7 Qb2+ 41. Kh3 Kg7 42. Be8 Qf2 43. Rc1 Kf8 44. Rb7 Bb2 45. Rb1 Bc3 46. R7b3
Be1 47. Bb5 Qg1 48. R1b2 Qh1+ 49. Rh2 Qxd5 50. Rhb2 Bd2 51. Kh2 Qd4 52. Bf1 Bc3
53. Rb1 Qd2+ 54. Bg2 Bd4 55. Rf1 Kg7 56. Rb7 Bf2 57. Rb3 Kh6 58. Rf3 Bd4 59.
Kh1 Be3 60. f5 g5 61. hxg5+ Bxg5 62. f6 d5 63. Rf5 d4 64. Rd5 Qe3 65. Rd8 Qe5
66. Rf8 Kg6 67. Rg8+ Kh7 68. Rg7+ Kh6 69. Rf3 Qe8 70. Bf1 Bxf6 71. Rg8 Qxg8 72.
Rxf6+ Kg7 73. Rf3 Qe8 74. Kg2 Qe1 75. Bd3 f6 76. Kh2 Kf7 77. Kg2 Ke7 78. Rf2
Qc3 79. Rf3 Qd2+ 80. Kf1 Kf7 81. Be2 Qc1+ 1/2-1/2

[Event "VIII Open Vallee d'Aoste A"]
[Site "Saint Vincent - Chatillon ITA"]
[Date "2000.02.17"]
[Round "6"]
[White "Aldrovandi, Costantino"]
[Black "Luciani, Valerio"]
[Result "1/2-1/2"]
[WhiteElo "2328"]
[BlackElo "2156"]
[PlyCount "86"]
[EventDate "2000.02.12"]

1. e4 e6 2. d4 d5 3. e5 c5 4. c3 Nc6 5. Nf3 Bd7 6. a3 cxd4 7. cxd4 Nge7 8. b4
Ng6 9. h4 Be7 10. h5 Nf8 11. Bd3 h6 12. Be3 Nh7 13. Nc3 Ng5 14. Nxg5 hxg5 15.
O-O Rc8 16. Nb5 a6 17. Nd6+ Bxd6 18. exd6 f5 19. g3 Qf6 20. g4 f4 21. a4 O-O
22. b5 Nb4 23. Bc1 Nxd3 24. Qxd3 axb5 25. axb5 Rc4 26. Bb2 Bxb5 27. Qb3 f3 28.
Kh1 Qf4 29. Rg1 Qd2 30. Ra2 Rb4 31. Bc3 Rxb3 32. Bxd2 Rd3 33. Bxg5 Rxd4 34. Rb2
Bc6 35. Kh2 Rc4 36. Kg3 d4 37. Rgb1 Rb8 38. Rb4 Rxb4 39. Rxb4 e5 40. Rc4 d3 41.
d7 Bxd7 42. Rc7 Bc6 43. Bd2 Rf8 1/2-1/2

[Event "VIII Open Vallee d'Aoste A"]
[Site "Saint Vincent - Chatillon ITA"]
[Date "2000.02.17"]
[Round "6"]
[White "Baburin, Alexander E."]
[Black "Godena, Michele"]
[Result "1/2-1/2"]
[WhiteElo "2591"]
[BlackElo "2487"]
[PlyCount "68"]
[EventDate "2000.02.12"]

1. d4 d5 2. c4 c6 3. e3 Nf6 4. Bd3 e5 5. dxe5 dxc4 6. Be2 Qa5+ 7. Nd2 Qxe5 8.
Ngf3 Qc7 9. Nxc4 Be7 10. O-O O-O 11. Qc2 Bg4 12. b3 Nbd7 13. Bb2 Rfe8 14. Rad1
Bh5 15. Nfe5 Bxe2 16. Qxe2 Rad8 17. Qf3 Nf8 18. e4 Bc5 19. Nd3 Bd4 20. Bxd4
Rxd4 21. e5 N6d7 22. Qe3 Rd5 23. Qxa7 Rd8 24. Qe3 b5 25. Ncb2 Nxe5 26. Nxe5
Rxe5 27. Qc3 Ra8 28. a4 Ne6 29. Qg3 Re2 30. Qxc7 Nxc7 31. Nd3 bxa4 32. bxa4
Rxa4 33. Rc1 Re8 34. Rxc6 Ne6 1/2-1/2

[Event "VIII Open Vallee d'Aoste A"]
[Site "Saint Vincent - Chatillon ITA"]
[Date "2000.02.17"]
[Round "6"]
[White "Borgo, Giulio"]
[Black "Flear, Glenn Curtis"]
[Result "1/2-1/2"]
[WhiteElo "2382"]
[BlackElo "2519"]
[PlyCount "51"]
[EventDate "2000.02.12"]

1. e4 e5 2. Nf3 d6 3. d4 exd4 4. Qxd4 Nf6 5. Bg5 Be7 6. Nc3 O-O 7. O-O-O Nc6 8.
Qd2 a6 9. Bd3 b5 10. Nd5 Nxd5 11. exd5 Ne5 12. Bxe7 Qxe7 13. Rhe1 Nxd3+ 14.
Qxd3 Qf6 15. Qd4 Qxd4 16. Nxd4 Bb7 17. Nf5 Rfe8 18. Rxe8+ Rxe8 19. Ne3 Kf8 20.
Rd4 Re5 21. Kd2 g5 22. b3 Ke7 23. h4 h6 24. g3 Kf8 25. hxg5 hxg5 26. c4 1/2-1/2

[Event "VIII Open Vallee d'Aoste A"]
[Site "Saint Vincent - Chatillon ITA"]
[Date "2000.02.17"]
[Round "6"]
[White "Chatalbashev, Boris"]
[Black "Braga, Fernando Alberto"]
[Result "1-0"]
[WhiteElo "2522"]
[BlackElo "2449"]
[PlyCount "81"]
[EventDate "2000.02.12"]

1. d4 Nf6 2. c4 e6 3. Nf3 b6 4. e3 Bb7 5. Nc3 Bb4 6. Bd3 O-O 7. O-O Bxc3 8.
bxc3 Be4 9. Ng5 Bxd3 10. Qxd3 h6 11. Nh3 Re8 12. e4 e5 13. f4 d6 14. fxe5 dxe5
15. Qg3 h5 16. Bg5 Nbd7 17. Rad1 Qe7 18. Rf5 Qe6 19. Bxf6 Nxf6 20. Rg5 Ng4 21.
Rxh5 Nh6 22. Rg5 g6 23. dxe5 Kh7 24. Rh5 Qxc4 25. Ng5+ Kg7 26. Rxh6 Kxh6 27.
Qh4+ Kg7 28. Qh7+ Kf8 29. Rf1 Ke7 30. Nxf7 Qc5+ 31. Kh1 Kd7 32. Qxg6 Re7 33.
Qf5+ Kc6 34. Qf6+ Kd7 35. Rd1+ Ke8 36. e6 Qh5 37. g4 Qh7 38. Qf5 Qh3 39. Ng5
Qh6 40. Rd7 Qg7 41. Rd1 1-0

[Event "VIII Open Vallee d'Aoste A"]
[Site "Saint Vincent - Chatillon ITA"]
[Date "2000.02.17"]
[Round "6"]
[White "Colovic, Aleksandar"]
[Black "Timoscenko, Gennadij A."]
[Result "1/2-1/2"]
[WhiteElo "2414"]
[BlackElo "2519"]
[PlyCount "125"]
[EventDate "2000.02.12"]

1. e4 e5 2. Nf3 Nc6 3. Bb5 a6 4. Ba4 Nf6 5. O-O Be7 6. Re1 b5 7. Bb3 d6 8. c3
O-O 9. h3 Nb8 10. d4 Nbd7 11. Nbd2 Bb7 12. Bc2 Re8 13. Nf1 Bf8 14. Ng3 g6 15.
Bg5 h6 16. Bd2 Bg7 17. a4 c5 18. d5 c4 19. Qc1 h5 20. Bg5 Nc5 21. Nh4 Qc7 22.
Bh6 Nh7 23. Bxg7 Kxg7 24. f4 Qd8 25. Nf3 exf4 26. Qxf4 Qf6 27. Qd2 Rab8 28.
axb5 axb5 29. Ra7 Ra8 30. Rxa8 Bxa8 31. Ra1 Bb7 32. Qd4 Qxd4+ 33. cxd4 Na6 34.
Ra5 Nc7 35. Ra7 Rb8 36. Nd2 Nf6 37. Ne2 Nd7 38. b3 Nb6 39. bxc4 bxc4 40. Ra5
Ra8 41. Rxa8 Bxa8 42. Nc3 f5 43. exf5 gxf5 44. Bxf5 Nbxd5 45. Nde4 Nxc3 46.
Nxc3 Nd5 47. Nxd5 Bxd5 48. Kf2 Kf6 49. Bc2 h4 50. g3 hxg3+ 51. Kxg3 Be6 52. Kf4
Bxh3 53. Ke3 Bf5 54. Ba4 c3 55. Bb3 Ke7 56. Bc4 Kd8 57. Ke2 Kc7 58. Kd1 Kb6 59.
Kc1 Be4 60. Be2 Ka5 61. Bf1 Kb4 62. Be2 c2 63. Kb2 1/2-1/2

[Event "VIII Open Vallee d'Aoste A"]
[Site "Saint Vincent - Chatillon ITA"]
[Date "2000.02.17"]
[Round "6"]
[White "Efimov, Igor"]
[Black "Sarno, Spartaco"]
[Result "1/2-1/2"]
[WhiteElo "2537"]
[BlackElo "2391"]
[PlyCount "67"]
[EventDate "2000.02.12"]

1. e4 d6 2. d4 Nf6 3. f3 g6 4. Be3 Bg7 5. Nc3 O-O 6. Qd2 c6 7. g4 b5 8. O-O-O
Qa5 9. h4 h5 10. e5 dxe5 11. dxe5 b4 12. exf6 bxc3 13. fxg7 cxd2+ 14. Bxd2 Qxa2
15. gxf8=Q+ Kxf8 16. Bc3 Qa1+ 17. Kd2 Qa4 18. Ke3 Nd7 19. gxh5 e5 20. hxg6 Qf4+
21. Kf2 Nf6 22. Ne2 Ng4+ 23. Ke1 Qxf3 24. Rd8+ Kg7 25. gxf7 Kxf7 26. Rg1 Qf2+
27. Kd2 Ba6 28. Rd7+ Ke6 29. Rd3 Bxd3 30. cxd3 Qxh4 31. Bg2 Qh6+ 32. Ke1 Qh4+
33. Kd2 Qh6+ 34. Ke1 1/2-1/2

[Event "VIII Open Vallee d'Aoste A"]
[Site "Saint Vincent - Chatillon ITA"]
[Date "2000.02.17"]
[Round "6"]
[White "Naumkin, Igor"]
[Black "Estremera Panos, Sergio"]
[Result "1-0"]
[WhiteElo "2498"]
[BlackElo "2353"]
[PlyCount "87"]
[EventDate "2000.02.12"]

1. d4 Nf6 2. Nf3 e6 3. c4 b6 4. g3 Ba6 5. b3 Bb4+ 6. Bd2 Be7 7. Nc3 O-O 8. Bg2
c6 9. O-O d5 10. Qc2 dxc4 11. bxc4 Bxc4 12. Rad1 Nbd7 13. Rfe1 b5 14. e4 b4 15.
Ne2 Bb5 16. Nf4 Rc8 17. h4 Nb6 18. Qb1 a5 19. Bh3 Nc4 20. Bc1 Rb8 21. Ng5 Na3
22. Bxa3 bxa3 23. e5 Be2 24. exf6 Rxb1 25. Rxb1 gxf6 26. Ngxe6 fxe6 27. Nxe6
Qd7 28. Rxe2 Ra8 29. Nf4 Qc7 30. d5 Bd6 31. Ne6 Qd7 32. Ng5 Qc7 33. Ne4 Rf8 34.
Rc1 c5 35. Rec2 Rb8 36. Nxd6 Qxd6 37. Rxc5 Re8 38. Be6+ Kg7 39. Rxa5 Re7 40.
Rac5 Qe5 41. R5c3 f5 42. Rxa3 Rc7 43. Rxc7+ Qxc7 44. Rf3 1-0

[Event "VIII Open Vallee d'Aoste A"]
[Site "Saint Vincent - Chatillon ITA"]
[Date "2000.02.17"]
[Round "6"]
[White "Ortega, Lexy"]
[Black "Cebalo, Miso"]
[Result "1/2-1/2"]
[WhiteElo "2479"]
[BlackElo "2537"]
[PlyCount "71"]
[EventDate "2000.02.12"]

1. d4 Nf6 2. Nf3 g6 3. Nc3 d5 4. Bf4 Bg7 5. e3 O-O 6. h3 b6 7. Be2 Bb7 8. a4 c5
9. a5 bxa5 10. O-O cxd4 11. exd4 Nc6 12. Na4 Ne4 13. c3 Qc8 14. Ne1 e5 15. dxe5
Nxe5 16. f3 Nc5 17. Nxc5 Qxc5+ 18. Kh1 Nc4 19. Qc1 Rfe8 20. Bxc4 dxc4 21. Nc2
Re2 22. Be3 Qf5 23. Nd4 Bxd4 24. Bxd4 Rae8 25. Qh6 f6 26. Qh4 R8e6 27. Qg3 Re7
28. Rfe1 Rxe1+ 29. Rxe1 Rxe1+ 30. Qxe1 Kf7 31. Qg3 Bc6 32. Qd6 Qe6 33. Qc7+ Bd7
34. Qxa5 a6 35. Qd8 Be8 36. Qc7+ 1/2-1/2

[Event "VIII Open Vallee d'Aoste A"]
[Site "Saint Vincent - Chatillon ITA"]
[Date "2000.02.17"]
[Round "6"]
[White "Piccardo, Marco"]
[Black "Bellia, Fabrizio"]
[Result "1/2-1/2"]
[WhiteElo "2200"]
[BlackElo "2321"]
[PlyCount "83"]
[EventDate "2000.02.12"]

1. d4 Nf6 2. Nf3 g6 3. Bf4 Bg7 4. e3 O-O 5. Be2 c5 6. c3 d5 7. Nbd2 b6 8. h3
Bb7 9. O-O Nbd7 10. Ne5 a6 11. a4 Rc8 12. Ndf3 Ne4 13. Nxd7 Qxd7 14. Ne5 Qd8
15. Bd3 f6 16. Nf3 c4 17. Bxe4 dxe4 18. Nd2 e5 19. dxe5 fxe5 20. Bg3 Kh8 21.
Qg4 Qxd2 22. Rad1 Qxb2 23. Rd7 Bc6 24. Rxg7 Kxg7 25. Bxe5+ Kf7 26. f3 Ke7 27.
Qh4+ Ke8 28. Qxh7 Qd2 29. Qxg6+ Ke7 30. Qg5+ Ke6 31. f4 Bxa4 32. Qg6+ Kd7 33.
Qxb6 Qd5 34. Qa7+ Ke8 35. Qxa6 Qc6 36. Qa5 Rf7 37. Bd4 Qb5 38. Qxb5+ Bxb5 39.
g4 Bd7 40. Kg2 Ra8 41. Kg3 Bc8 42. h4 1/2-1/2

[Event "VIII Open Vallee d'Aoste A"]
[Site "Saint Vincent - Chatillon ITA"]
[Date "2000.02.17"]
[Round "6"]
[White "Safranska, Anda"]
[Black "Zelcic, Robert"]
[Result "0-1"]
[WhiteElo "2367"]
[BlackElo "2529"]
[PlyCount "256"]
[EventDate "2000.02.12"]

1. e4 c6 2. d4 d5 3. Nd2 dxe4 4. Nxe4 Nd7 5. Bd3 Ngf6 6. c3 Nxe4 7. Bxe4 Nf6 8.
Bd3 Bg4 9. f3 Bh5 10. Nh3 Bg6 11. Nf4 e6 12. Be3 Bd6 13. g3 Qb6 14. Qe2 Bxf4
15. Bxf4 Bxd3 16. Qxd3 Qxb2 17. O-O Qa3 18. Rab1 Qe7 19. c4 O-O 20. c5 Rfd8 21.
Bd6 Qd7 22. Be5 Ne8 23. Qb3 b5 24. cxb6 axb6 25. Qxb6 Rxa2 26. Rb4 Qd5 27. Rc4
f6 28. Bf4 Rc8 29. Qb4 Re2 30. Rf2 Rxf2 31. Kxf2 Ra8 32. Bd2 Nc7 33. Rc5 Qa2
34. Ra5 Rxa5 35. Qxa5 Qxa5 36. Bxa5 Nd5 37. Ke2 Kf7 38. Kd3 Ke7 39. g4 Kd6 40.
Be1 Nb6 41. f4 Kd5 42. h4 f5 43. g5 g6 44. Ba5 Nc4 45. Bc3 Nd6 46. Bd2 Ne4 47.
Be1 c5 48. dxc5 Nxc5+ 49. Ke3 Kc4 50. Ba5 Na4 51. Bc7 Nc3 52. Be5 Nd5+ 53. Kd2
Nb4 54. Bg7 Nc6 55. Ke3 Na5 56. Be5 Kd5 57. Bc3 Nc4+ 58. Kf3 Na3 59. Ke3 Kc4
60. Bf6 Nc2+ 61. Ke2 Nb4 62. Bg7 Kb5 63. Kd2 Kc6 64. Bc3 Nd5 65. Be5 Kd7 66.
Kd3 Ke8 67. Bd6 Kd7 68. Be5 Nb4+ 69. Kd2 Na6 70. Ke3 Nc5 71. Bd4 Ne4 72. Bg7
Ke7 73. Be5 Kf7 74. Bd4 Kg8 75. Be5 h6 76. Bd4 h5 77. Kd3 Kf7 78. Be5 Ke7 79.
Bb8 Kd7 80. Be5 Kc6 81. Bg7 Kd5 82. Bh8 Nf2+ 83. Ke3 Ng4+ 84. Kd3 e5 85. fxe5
f4 86. e6 Kxe6 87. Ke4 Ne3 88. Kxf4 Nf5 89. Bc3 Nxh4 90. Ke4 Nf5 91. Be5 Nd6+
92. Kf4 Kd5 93. Bc3 Kc4 94. Be5 Nf5 95. Ke4 Kc5 96. Bf4 Kc6 97. Be5 Kd7 98. Bf4
Ke6 99. Bb8 Nd6+ 100. Kf4 Kd5 101. Ba7 Ne8 102. Be3 Ng7 103. Kf3 Ke5 104. Bc1
Kf5 105. Kg3 Ne6 106. Kh4 Nd4 107. Ba3 Nf3+ 108. Kg3 Nxg5 109. Bc1 Ne4+ 110.
Kh4 Nd6 111. Bg5 Nc4 112. Bd8 Ne5 113. Be7 Nf3+ 114. Kg3 Nd4 115. Kh4 Ke6 116.
Bd8 Kf7 117. Kh3 Ne6 118. Bh4 g5 119. Be1 Kg6 120. Kg3 Kf5 121. Bc3 h4+ 122.
Kf3 g4+ 123. Ke3 g3 124. Be1 Kg4 125. Ke2 Nf4+ 126. Kf1 Kf3 127. Bf2 g2+ 128.
Ke1 Nd3+ 0-1

[Event "VIII Open Vallee d'Aoste A"]
[Site "Saint Vincent - Chatillon ITA"]
[Date "2000.02.17"]
[Round "6"]
[White "Santurbano, Maria Vincenza"]
[Black "Nelli, Luca"]
[Result "1-0"]
[WhiteElo "1645"]
[BlackElo "1936"]
[PlyCount "51"]
[EventDate "2000.02.12"]

1. d4 Nf6 2. Nf3 c5 3. d5 b5 4. a4 Bb7 5. e4 Nxe4 6. Bxb5 e6 7. dxe6 fxe6 8.
Ne5 Nf6 9. O-O Be7 10. f4 O-O 11. f5 d6 12. Ng4 e5 13. Nc3 Nxg4 14. Qxg4 Kh8
15. Ne4 Nd7 16. Ng5 Bxg5 17. Bxg5 Nf6 18. Qh4 e4 19. Ra3 d5 20. Rh3 Qc7 21. Bf4
Qe7 22. g4 h6 23. g5 Nh7 24. f6 gxf6 25. g6 Qg7 26. Qxh6 1-0

[Event "VIII Open Vallee d'Aoste A"]
[Site "Saint Vincent - Chatillon ITA"]
[Date "2000.02.17"]
[Round "6"]
[White "Scavo, Fernando"]
[Black "Mrdja, Milan"]
[Result "0-1"]
[WhiteElo "2259"]
[BlackElo "2425"]
[PlyCount "92"]
[EventDate "2000.02.12"]

1. d4 Nf6 2. Nf3 g6 3. g3 Bg7 4. Bg2 O-O 5. O-O d6 6. b3 c5 7. c4 Ne4 8. Bb2
Nc6 9. Nbd2 Bf5 10. Nh4 Nxd2 11. Qxd2 Nxd4 12. Nxf5 Nxf5 13. Bxg7 Nxg7 14. Bxb7
Rb8 15. Bg2 a5 16. Rab1 Qc7 17. a3 Rfc8 18. Rfc1 Qa7 19. Bd5 Ne8 20. b4 axb4
21. axb4 cxb4 22. Rxb4 Rxb4 23. Qxb4 Nf6 24. Bf3 Kg7 25. Qc3 Qc5 26. Qb2 Rc7
27. Qc3 h6 28. e3 Kh7 29. Qd4 Qf5 30. Kg2 Qc8 31. Be2 Nd7 32. f4 Nc5 33. Qd5 e6
34. Qd1 Ra7 35. Rc2 Qb7+ 36. Bf3 Qb3 37. Rd2 Qxe3 38. Qe2 Qxe2+ 39. Bxe2 Ra6
40. Kf3 Kg7 41. Bf1 f5 42. Bg2 Kf6 43. Ke2 g5 44. Rc2 Ra3 45. Kd2 gxf4 46. gxf4
Nd3 0-1

[Event "VIII Open Vallee d'Aoste A"]
[Site "Saint Vincent - Chatillon ITA"]
[Date "2000.02.17"]
[Round "6"]
[White "Stefanova, Antoaneta"]
[Black "Dorfman, Iossif D."]
[Result "0-1"]
[WhiteElo "2495"]
[BlackElo "2593"]
[PlyCount "118"]
[EventDate "2000.02.12"]

1. d4 d5 2. Nf3 c6 3. g3 Bf5 4. Bg2 Nf6 5. O-O e6 6. b3 Nbd7 7. c4 Be7 8. Bb2
O-O 9. Nc3 Ne4 10. Nd2 Nxd2 11. Qxd2 Nf6 12. f3 Bg6 13. e4 dxe4 14. fxe4 e5 15.
d5 Bc5+ 16. Kh1 Bd4 17. Rae1 Qe7 18. Na4 Bxb2 19. Nxb2 Rad8 20. Nd3 Rfe8 21.
Nf2 Qc5 22. Qe3 Qa3 23. Re2 b6 24. Rd2 cxd5 25. cxd5 Rc8 26. Rfd1 Rc1 27. Qe2
Rec8 28. Bf3 Ne8 29. Rxc1 Qxc1+ 30. Rd1 Qc5 31. Nd3 Qe7 32. Qb2 f6 33. Rc1
Rxc1+ 34. Qxc1 Nd6 35. Nf2 Qb7 36. Kg2 Kf8 37. h4 h6 38. g4 Kg8 39. g5 hxg5 40.
hxg5 f5 41. exf5 Bxf5 42. Qc6 Qe7 43. Kf1 e4 44. Bg4 Bxg4 45. Nxg4 Qxg5 46.
Qxd6 Qxg4 47. Qb8+ Kh7 48. Qh2+ Kg6 49. Qd6+ Kh5 50. Qe5+ Kh4 51. d6 Qd1+ 52.
Kf2 Qd2+ 53. Kg1 e3 54. Qf4+ Kh5 55. Qf5+ Kh6 56. Qf4+ g5 57. Qf8+ Kh5 58. Qe8+
Kh4 59. Qe4+ Kh3 0-1

[Event "VIII Open Vallee d'Aoste A"]
[Site "Saint Vincent - Chatillon ITA"]
[Date "2000.02.17"]
[Round "6"]
[White "Trabert, Bettina"]
[Black "Mantovani, Renzo"]
[Result "1-0"]
[WhiteElo "2273"]
[BlackElo "2415"]
[PlyCount "75"]
[EventDate "2000.02.12"]

1. e4 c5 2. c3 d5 3. exd5 Qxd5 4. d4 Nf6 5. Nf3 Nc6 6. Be2 e6 7. O-O cxd4 8.
cxd4 Be7 9. Nc3 Qd6 10. Nb5 Qd8 11. Bf4 O-O 12. Rc1 a6 13. Nc3 b6 14. a3 Ra7
15. Na4 Bd7 16. Bd3 Nd5 17. Bg3 f5 18. Be5 Nxe5 19. Nxe5 Bg5 20. Rb1 Nf4 21.
Nc3 Bf6 22. Qf3 Nxd3 23. Qxd3 Bxe5 24. dxe5 Bc6 25. Qxd8 Rxd8 26. Rbd1 Rad7 27.
Rxd7 Rxd7 28. f4 Rd2 29. Rf2 Rd4 30. g3 Kf7 31. Rc2 h6 32. Kf2 g5 33. Ne2 Rd3
34. Rxc6 Rb3 35. Rc2 a5 36. Rd2 Rb5 37. Nd4 Rc5 38. Rc2 1-0

[Event "VIII Open Vallee d'Aoste A"]
[Site "Saint Vincent - Chatillon ITA"]
[Date "2000.02.18"]
[Round "7"]
[White "Borg, Geoffrey"]
[Black "Yeuillaz, Corrado"]
[Result "0-1"]
[WhiteElo "2374"]
[BlackElo "2237"]
[PlyCount "86"]
[EventDate "2000.02.12"]

1. d4 Nf6 2. c4 g6 3. Nc3 Bg7 4. e4 d6 5. f4 O-O 6. Nf3 c5 7. d5 Nfd7 8. Be2
Na6 9. O-O Nc7 10. Re1 b5 11. cxb5 a6 12. bxa6 Bxa6 13. Bd2 Qb8 14. Rb1 Bd4+
15. Kh1 Nf6 16. Bxa6 Rxa6 17. a3 Ng4 18. Qe2 Bg7 19. e5 Qb3 20. h3 Nh6 21. Be3
Rb6 22. Nd2 Qc2 23. Rec1 Qf5 24. b4 Ra6 25. Nc4 cxb4 26. axb4 dxe5 27. b5 Nxb5
28. Rxb5 exf4 29. d6 Qd7 30. dxe7 Rc8 31. Rd5 Qxe7 32. Bxf4 Nf5 33. Qd3 Rac6
34. Ne4 Qh4 35. Bg5 Qxe4 36. Qxe4 Ng3+ 37. Kh2 Nxe4 38. Rd8+ Rxd8 39. Bxd8 Nd6
40. Rb1 Rxc4 41. Rb8 Be5+ 42. Kg1 Rc1+ 43. Kf2 Ne4+ 0-1

[Event "VIII Open Vallee d'Aoste A"]
[Site "Saint Vincent - Chatillon ITA"]
[Date "2000.02.18"]
[Round "7"]
[White "Braga, Fernando Alberto"]
[Black "Borgo, Giulio"]
[Result "0-1"]
[WhiteElo "2449"]
[BlackElo "2382"]
[PlyCount "112"]
[EventDate "2000.02.12"]

1. e4 c5 2. Nf3 e6 3. c3 Nf6 4. e5 Nd5 5. Bc4 d6 6. exd6 Bxd6 7. O-O O-O 8. d4
cxd4 9. cxd4 Qc7 10. Bb3 Bd7 11. Bd2 Bc6 12. Nc3 Nxc3 13. Bxc3 Rd8 14. Kh1 Bf4
15. Qe2 Bd5 16. Bxd5 Rxd5 17. g3 Bd6 18. Ne5 Nc6 19. Rfd1 Rd8 20. f4 Bxe5 21.
dxe5 Qd7 22. Rxd5 Qxd5+ 23. Qg2 Qc4 24. a3 h5 25. Re1 g6 26. Qe4 Qb3 27. h3 Ne7
28. Qb4 Qd5+ 29. Qe4 Qb3 30. Qb4 Qd5+ 31. Qe4 Qb5 32. g4 Rd3 33. a4 Rxh3+ 34.
Kg2 Qd3 35. Qxd3 Rxd3 36. gxh5 gxh5 37. Re4 Nd5 38. Bd4 a6 39. Bf2 Kg7 40. f5
exf5 41. Re1 Kg6 42. b4 Kg5 43. Rb1 Nf4+ 44. Kh1 Rh3+ 45. Kg1 Ra3 46. Kh1 Nh3
47. Bc5 Rxa4 48. Re1 Kg4 49. e6 fxe6 50. Rxe6 Ra1+ 51. Kh2 Ra2+ 52. Kh1 Ra1+
53. Kh2 Ra2+ 54. Kh1 Nf4 55. Re7 Ne2 56. Rg7+ Kh3 0-1

[Event "VIII Open Vallee d'Aoste A"]
[Site "Saint Vincent - Chatillon ITA"]
[Date "2000.02.18"]
[Round "7"]
[White "Cebalo, Miso"]
[Black "Belotti, Bruno"]
[Result "1-0"]
[WhiteElo "2537"]
[BlackElo "2424"]
[PlyCount "71"]
[EventDate "2000.02.12"]

1. d4 Nf6 2. c4 g6 3. Nc3 d5 4. cxd5 Nxd5 5. Bd2 Bg7 6. e4 Nb6 7. Be3 O-O 8.
Be2 Nc6 9. Nf3 Bg4 10. d5 Bxf3 11. Bxf3 Ne5 12. Be2 Nec4 13. Bc1 c6 14. O-O
cxd5 15. exd5 Rc8 16. Qb3 Na5 17. Qa3 Nxd5 18. Nxd5 Qxd5 19. Rb1 Nc6 20. Bf3
Qd7 21. Bg5 e6 22. Rfd1 Nd4 23. Qxa7 Nxf3+ 24. gxf3 Qb5 25. Be3 Ra8 26. Qc5 Qe2
27. Kg2 Rxa2 28. Rd2 Qa6 29. Rd6 Qa8 30. b4 Rc8 31. Qb5 Rac2 32. Rbd1 Bf8 33.
Rd7 Qa3 34. Qe5 Qb2 35. Bd4 Rxf2+ 36. Kh1 1-0

[Event "VIII Open Vallee d'Aoste A"]
[Site "Saint Vincent - Chatillon ITA"]
[Date "2000.02.18"]
[Round "7"]
[White "Cehic, Goran"]
[Black "Livecchi, Dario"]
[Result "0-1"]
[WhiteElo "2145"]
[BlackElo "1974"]
[PlyCount "44"]
[EventDate "2000.02.12"]

1. c4 Nf6 2. Nc3 g6 3. g3 Bg7 4. Bg2 O-O 5. Nf3 d6 6. O-O e5 7. h3 Nc6 8. d4
exd4 9. Nxd4 Bd7 10. Bg5 h6 11. Be3 Qc8 12. Kh2 Re8 13. Rc1 Ne5 14. b3 Bxh3 15.
Bxh3 Neg4+ 16. Kg2 Rxe3 17. f3 h5 18. Qd2 Qe8 19. Nc2 Rxc3 20. fxg4 Rxg3+ 21.
Kh2 Ne4 22. Qd5 Be5 0-1

[Event "VIII Open Vallee d'Aoste A"]
[Site "Saint Vincent - Chatillon ITA"]
[Date "2000.02.18"]
[Round "7"]
[White "Dervishi, Erald"]
[Black "Efimov, Igor"]
[Result "1/2-1/2"]
[WhiteElo "2478"]
[BlackElo "2537"]
[PlyCount "121"]
[EventDate "2000.02.12"]

1. e4 c5 2. Nf3 Nc6 3. d4 cxd4 4. Nxd4 Nf6 5. Nc3 d6 6. Bc4 Qb6 7. Nb3 e6 8.
Bf4 Ne5 9. Be2 Bd7 10. Be3 Qc7 11. f4 Nc4 12. Bxc4 Qxc4 13. Qd3 Qxd3 14. cxd3
Be7 15. a4 O-O 16. h3 Rfc8 17. O-O h6 18. Rfc1 a6 19. a5 Bc6 20. g4 g6 21. Rc2
Bb5 22. Rd2 d5 23. e5 Nd7 24. Kf2 Bb4 25. Bd4 Nb8 26. Ke3 Nc6 27. Rc2 g5 28.
Nxb5 axb5 29. Bb6 gxf4+ 30. Kxf4 Be7 31. Re2 Rf8 32. d4 f6 33. exf6 Rxf6+ 34.
Kg3 Raf8 35. Kg2 Rf3 36. Nd2 Rd3 37. Rf1 Rxf1 38. Nxf1 Kf7 39. Rd2 Rb3 40. Ng3
Bb4 41. Rc2 Bxa5 42. Bc5 Be1 43. Nh5 Bh4 44. Bd6 b4 45. Bf4 Bg5 46. Rd2 Ke7 47.
h4 Bxf4 48. Nxf4 Re3 49. Re2 Rxe2+ 50. Nxe2 Kf6 51. Kf3 e5 52. Ke3 exd4+ 53.
Nxd4 Ne5 54. g5+ hxg5 55. hxg5+ Kxg5 56. Ne6+ Kf5 57. Nc7 Nc6 58. Nxd5 Ke5 59.
Nf4 b5 60. b3 Kd6 61. Nd3 1/2-1/2

[Event "VIII Open Vallee d'Aoste A"]
[Site "Saint Vincent - Chatillon ITA"]
[Date "2000.02.18"]
[Round "7"]
[White "Dittmar, Peter"]
[Black "Komarov, Dimitri"]
[Result "1/2-1/2"]
[WhiteElo "2308"]
[BlackElo "2568"]
[PlyCount "50"]
[EventDate "2000.02.12"]

1. c4 Nf6 2. Nc3 e5 3. g3 Bb4 4. Bg2 O-O 5. e4 Bxc3 6. dxc3 d6 7. Qc2 Be6 8. b3
Qc8 9. Nf3 Bh3 10. O-O Bxg2 11. Kxg2 b6 12. Nh4 Qb7 13. f3 Kh8 14. Nf5 Ng8 15.
h4 Nc6 16. h5 Nce7 17. Nxe7 Nxe7 18. g4 f6 19. a4 Rfd8 20. Ba3 Ng8 21. Rfd1 Nh6
22. Bc1 Nf7 23. Be3 h6 24. a5 Rdb8 25. b4 Qc6 1/2-1/2

[Event "VIII Open Vallee d'Aoste A"]
[Site "Saint Vincent - Chatillon ITA"]
[Date "2000.02.18"]
[Round "7"]
[White "Dorfman, Iossif D."]
[Black "Chatalbashev, Boris"]
[Result "1/2-1/2"]
[WhiteElo "2593"]
[BlackElo "2522"]
[PlyCount "51"]
[EventDate "2000.02.12"]

1. d4 g6 2. Nf3 Bg7 3. c4 c5 4. e4 Qa5+ 5. Nc3 d6 6. d5 Bxc3+ 7. bxc3 Nf6 8.
Qc2 Nxe4 9. Bd3 Nf6 10. O-O O-O 11. Bg5 Kg7 12. Rae1 Qd8 13. Re3 Ng8 14. Rfe1
f6 15. Bf4 Nd7 16. Nh4 Ne5 17. Bxe5 fxe5 18. Bxg6 Rf4 19. Nf5+ Kxg6 20. Rg3+
Kf6 21. Ng7 Bf5 22. Qd1 Qd7 23. Nh5+ Kf7 24. Nxf4 exf4 25. Rf3 Nf6 26. Rxf4
1/2-1/2

[Event "VIII Open Vallee d'Aoste A"]
[Site "Saint Vincent - Chatillon ITA"]
[Date "2000.02.18"]
[Round "7"]
[White "Franco Ocampos, Zenon"]
[Black "Colovic, Aleksandar"]
[Result "1-0"]
[WhiteElo "2511"]
[BlackElo "2414"]
[PlyCount "61"]
[EventDate "2000.02.12"]

1. c4 Nf6 2. Nc3 g6 3. e4 d6 4. g3 Bg7 5. Bg2 O-O 6. Nge2 c6 7. O-O e5 8. d3 a6
9. h3 b5 10. f4 Bb7 11. Be3 Nbd7 12. b3 Re8 13. Qd2 exf4 14. gxf4 b4 15. Na4 c5
16. Rae1 Qc7 17. Rf2 h6 18. Ng3 Nh7 19. Ref1 Rf8 20. d4 Rad8 21. d5 Rde8 22. e5
dxe5 23. f5 e4 24. Nxe4 Ng5 25. Nxg5 Rxe3 26. f6 Rfe8 27. Ne6 Qg3 28. fxg7 fxe6
29. dxe6 Ne5 30. Rf8+ Kxg7 31. Qd7+ 1-0